LEADER 01816nam a2200373 a 4500 001 000000122844 003 CaOOAMICUS 005 20100831095132.0 008 100831s2010 fr u000 u lat r 020 $a978-2-251-73032-5 040 $aPUL$bita$dReb 041 0 $alat$afre 082 04$a195 100 1 $aVico, Giambattista,$d1668-1744.$0(OLS)http://pul/name/5826 240 10$aDe nostri temporis studiorum ratione$lLatino e francese.$0(OLS)http://pul/title/154850 245 10$aDe nostri temporis studiorum ratione =$bLa méthode des études de nostre temps /$cGiambattista Vico ; texte latin établi par Andrea Battistini ; introduction et traduction par Alain Pons. 246 31$aLa méthode des études de notre temps 260 $aParis :$bLes Belles Lettres,$c2010. 300 $acxxxvii, 86 p. ;$c19 cm 490 1 $aBibliothèque italienne 500 $aSul front.: édition bilingue. 504 $aInclude riferimenti bibliografici ed indice. 546 $aTesto in latino con traduzione francese a fronte. 700 1 $aBattistini, Andrea.$0(OLS)http://pul/name/13251 700 1 $aPons, Alain.$0(OLS)http://pul/name/77184 830 0$aBibliothèque italienne.$0(OLS)http://pul/title/112700 850 $aPUL 852 $aPUL$W1$xSL Filosofia 3$y81$m195 VICGI 2$j141078$qDDC 21$B140169$CPULBib$Z2$F140169 $H114560 $82 941 1 $a9 996 $6020$a978-2-251-73032-5$9(OLS)http://pul/number/145257 996 $6082$a195$9(OLS)http://pul/classification/342 996 $6245$aDe nostri temporis studiorum ratione =$bLa méthode des études de nostre temps$9(OLS)http://pul/title/154848 996 $6246$aLa méthode des études de notre temps$9(OLS)http://pul/title/154849 996 $6260$aParis :$bLes Belles Lettres$9(OLS)http://pul/publisher/48357 LEADER 01439nam a2200337 u 4500 001 000000045899 003 CaOOAMICUS 005 20070226114720.0 008 990617s1987 it u000 u ita u 020 $a8821301591 035 $a10827302 040 $aPUL$bita 100 1 $aToso, Mario,$cvesc. di Faenza-Modigliana,$d1950-$0(OLS)http://pul/name/39310 245 10$aChiesa e Welfare State :$bil magistero sociale dei papi di fronte alla crisi dello stato e benessere /$cMario Toso. 260 $aRoma :$bLAS,$c1987. 300 $a144 p. ;$c18 cm 490 1 $aIeri oggi domani ;$v1 500 $aContiene indici. 504 $aBibliografia in nota. 650 4$aWelfare state.$0(OLS)http://pul/subject/18631 650 4$aDottrina sociale della Chiesa.$0(OLS)http://pul/subject/33229 830 0$aIeri oggi domani ;$v1.$0(OLS)http://pul/title/61899 850 $aPUL 852 $aPUL$W1$xDP1 Cons. Gen., Altre Classi 1$y22$m43 F 21$j61603$nBK-PRI$b $qStampati$B61603$CPULBib$Z2$F61603 $H $81 941 1 $a8 960 $aStato sociale$918631 960 $aDottrina sociale cristiana$933229 961 $aINV: 60495 996 $6020$a8821301591$9(OLS)http://pul/number/57242 996 $6245$aChiesa e Welfare State :$bil magistero sociale dei papi di fronte alla crisi dello stato e benessere$9(OLS)http://pul/title/61898 996 $6260$aRoma :$bLAS$9(OLS)http://pul/publisher/48069